[Event "Pro-Am 2010"]
[Site "Villa Martelli ARG"]
[Date "2010.10.18"]
[Round "5.8"]
[White "Pina Gomez, Ulises"]
[Black "Perez Ponsa, Federico"]
[Result "0-1"]
[WhiteElo "2302"]
[BlackElo "2469"]
[PlyCount "96"]
[EventDate "2010.10.10"]
[EventType "swiss"]
[EventRounds "9"]
[EventCountry "ARG"]
[Source "lmi"]
[SourceDate "2010.10.10"]

1. e4 c5 2. c3 Nf6 3. e5 Nd5 4. d4 cxd4 5. Nf3 d6 6. cxd4 Nc6 7. Bc4 Nb6 8. Bb5
Bd7 9. Nc3 e6 10. O-O a6 11. Bd3 Nb4 12. Bb1 Bc6 13. a3 N4d5 14. Ne4 Qc7 15.
Re1 Nd7 16. Bg5 dxe5 17. dxe5 Nc5 18. b4 Nxe4 19. Bxe4 h6 20. Bh4 Nc3 21. Bxc6+
Qxc6 22. Qd3 Nd5 23. Rac1 Qd7 24. Rc4 Be7 25. Rd4 Rd8 26. Rd1 O-O 27. Bxe7 Qxe7
28. g3 Rc8 29. Rc4 b5 30. Rcc1 Nb6 31. Rxc8 Rxc8 32. Qd6 Qb7 33. Rd3 Nd5 34.
Kg2 Qa8 35. Kf1 Rc1+ 36. Ke2 Qc8 37. Nd2 Qc2 38. Qd8+ Kh7 39. Rxd5 exd5 40.
Qxd5 Qd1+ 41. Kd3 Qc2+ 42. Ke2 Ra1 43. Kf3 Qd1+ 44. Kf4 Rxa3 45. Qe4+ g6 46.
Nf3 Kg7 47. Nd4 Qd2+ 48. Kg4 Qxf2 0-1

[Event "Pro-Am 2010"]
[Site "Villa Martelli ARG"]
[Date "2010.10.18"]
[Round "5.9"]
[White "Fabian, Gaston"]
[Black "Real De Azua, Ernesto"]
[Result "0-1"]
[WhiteElo "2266"]
[BlackElo "2432"]
[PlyCount "70"]
[EventDate "2010.10.10"]
[EventType "swiss"]
[EventRounds "9"]
[EventCountry "ARG"]
[Source "lmi"]
[SourceDate "2010.10.10"]

1. d4 Nf6 2. c4 e6 3. g3 c5 4. d5 exd5 5. cxd5 b5 6. Nf3 Bb7 7. e4 Nxe4 8. Bg2
Be7 9. O-O O-O 10. Re1 f5 11. Nc3 Nxc3 12. bxc3 Bf6 13. d6 Bc6 14. Ne5 Bxe5 15.
Rxe5 Bxg2 16. Kxg2 Nc6 17. Qd5+ Kh8 18. Rxf5 Qa5 19. Bd2 Qa4 20. Rxf8+ Rxf8 21.
Re1 h6 22. Qxc5 Qxa2 23. Bf4 a6 24. h4 Qc2 25. Qe3 Qf5 26. Qd2 a5 27. Qb2 Kh7
28. Rb1 b4 29. cxb4 axb4 30. Rd1 g5 31. hxg5 hxg5 32. Rh1+ Kg6 33. Be3 Qe4+ 34.
Kg1 Ne5 35. Qc1 b3 0-1

[Event "Pro-Am 2010"]
[Site "Villa Martelli ARG"]
[Date "2010.10.18"]
[Round "5.10"]
[White "Pierrot, Juan Facundo"]
[Black "Zamorano, Jorge Adrian"]
[Result "1-0"]
[WhiteElo "2431"]
[BlackElo "2271"]
[PlyCount "95"]
[EventDate "2010.10.10"]
[EventType "swiss"]
[EventRounds "9"]
[EventCountry "ARG"]
[Source "lmi"]
[SourceDate "2010.10.10"]

1. e4 e5 2. Nf3 Nc6 3. Bb5 Nf6 4. d3 d6 5. c3 g6 6. O-O Bg7 7. Re1 O-O 8. Nbd2
a6 9. Ba4 h6 10. d4 b5 11. Bb3 Re8 12. Nf1 Bg4 13. d5 Ne7 14. a4 Nh5 15. c4
bxc4 16. Bxc4 Rf8 17. Bd2 f5 18. h3 Bxf3 19. Qxf3 Nf6 20. exf5 gxf5 21. Rad1
Kh8 22. b4 e4 23. Qb3 Ng6 24. Ng3 Nd7 25. Nh5 Qh4 26. Nxg7 Kxg7 27. Bf1 Nde5
28. Rc1 Rf7 29. Rc2 Kh7 30. Qg3 Qf6 31. Qe3 Qh4 32. Rec1 Rg8 33. Rxc7 Ne7 34.
Kh1 Rfg7 35. g3 Qh5 36. Bg2 Nd3 37. Rf1 Nxd5 38. Rxg7+ Rxg7 39. Qd4 Qf7 40.
Bxe4 fxe4 41. Qxe4+ Qg6 42. Qxd5 Rf7 43. Kg2 Rf5 44. Qd4 Ne5 45. f4 Nc6 46. Qd3
Qe6 47. g4 Qd5+ 48. Rf3 1-0

[Event "Pro-Am 2010"]
[Site "Villa Martelli ARG"]
[Date "2010.10.18"]
[Round "5.11"]
[White "Aparicio, Anibal"]
[Black "Saldano Dayer, Horacio"]
[Result "1/2-1/2"]
[WhiteElo "2241"]
[BlackElo "2406"]
[PlyCount "62"]
[EventDate "2010.10.10"]
[EventType "swiss"]
[EventRounds "9"]
[EventCountry "ARG"]
[Source "lmi"]
[SourceDate "2010.10.10"]

1. d4 Nf6 2. c4 e6 3. Nf3 Bb4+ 4. Bd2 Qe7 5. Qc2 Nc6 6. e3 O-O 7. a3 Bxd2+ 8.
Nbxd2 a5 9. Bd3 a4 10. g4 g6 11. Rg1 d6 12. g5 Nh5 13. Ne4 e5 14. d5 Nb8 15.
Nfd2 Nd7 16. O-O-O c6 17. Be2 cxd5 18. cxd5 f5 19. gxf6 Ndxf6 20. Nc3 Bd7 21.
Nc4 b5 22. Nb6 Rab8 23. Nxd7 Qxd7 24. Bd3 Kh8 25. Bxg6 hxg6 26. Rxg6 Rf7 27.
Rdg1 Rg7 28. Rxg7 Nxg7 29. Qg6 Qe7 30. Qg5 Rb7 31. h4 Nh7 1/2-1/2

[Event "Pro-Am 2010"]
[Site "Villa Martelli ARG"]
[Date "2010.10.18"]
[Round "5.12"]
[White "Orsini, Antonio"]
[Black "Languidey, Simon Alejandro"]
[Result "0-1"]
[WhiteElo "2390"]
[BlackElo "2257"]
[PlyCount "74"]
[EventDate "2010.10.10"]
[EventType "swiss"]
[EventRounds "9"]
[EventCountry "ARG"]
[Source "lmi"]
[SourceDate "2010.10.10"]

1. e4 e6 2. d4 d5 3. Nc3 dxe4 4. Nxe4 Nd7 5. Nf3 Ngf6 6. Nxf6+ Nxf6 7. Bg5 c5
8. Bc4 Be7 9. O-O cxd4 10. Qe2 O-O 11. Rad1 Qb6 12. Nxd4 Nd5 13. Bxe7 Nxe7 14.
c3 Bd7 15. Rd3 Ng6 16. f4 Rae8 17. Bb3 Bb5 18. c4 e5 19. cxb5 exd4 20. Qd2 Re3
21. Bc4 Rfe8 22. Qf2 R8e4 23. g3 Qc5 24. b3 h5 25. Rd2 Ne7 26. Bd3 Re6 27. Rfd1
h4 28. f5 hxg3 29. hxg3 Rh6 30. Qf4 Nd5 31. Qb8+ Kh7 32. f6+ g6 33. Qxb7 Rxg3+
34. Kf2 Rh2+ 35. Ke1 Rg1+ 36. Bf1 Rxd2 37. Qxf7+ Kh6 0-1

[Event "Pro-Am 2010"]
[Site "Villa Martelli ARG"]
[Date "2010.10.18"]
[Round "5.13"]
[White "Bassan, Remo"]
[Black "Julia, Ernesto"]
[Result "0-1"]
[WhiteElo "2240"]
[BlackElo "2388"]
[PlyCount "122"]
[EventDate "2010.10.10"]
[EventType "swiss"]
[EventRounds "9"]
[EventCountry "ARG"]
[Source "lmi"]
[SourceDate "2010.10.10"]

1. e4 c5 2. Nf3 e6 3. g3 Nf6 4. d3 d5 5. e5 Nfd7 6. Bg2 Nc6 7. Bf4 Qb6 8. Qc1
g5 9. Bxg5 Bg7 10. O-O h6 11. Bf4 Ndxe5 12. Nxe5 Nxe5 13. Nc3 Ng6 14. Re1 Nxf4
15. Qxf4 O-O 16. Rab1 Bd7 17. Bxd5 exd5 18. Nxd5 Qd8 19. Ne7+ Kh8 20. b4 Be6
21. Rxe6 fxe6 22. Ng6+ Kg8 23. Nxf8 Qxf8 24. Qe4 cxb4 25. Rxb4 b6 26. Qxe6+ Qf7
27. Qxf7+ Kxf7 28. Rc4 Ke6 29. f4 Kd5 30. Rc7 Bf8 31. Kf2 Bc5+ 32. Kf3 Kd4 33.
g4 a5 34. h4 Kc3 35. g5 hxg5 36. hxg5 Kb2 37. f5 Kxa2 38. f6 a4 39. Rxc5 bxc5
40. g6 a3 41. g7 Kb2 42. f7 a2 43. f8=Q a1=Q 44. Kg2 Qa4 45. g8=Q Qxc2+ 46. Kh1
Qd1+ 47. Kh2 Qe2+ 48. Kg3 Qxd3+ 49. Kf2 Qd2+ 50. Kg1 Qe3+ 51. Kh1 Qe1+ 52. Kh2
Rxf8 53. Qxf8 c4 54. Qb8+ Kc2 55. Qb5 Qf2+ 56. Kh1 Qf3+ 57. Kg1 c3 58. Qa4+ Kd2
59. Qb4 Ke2 60. Qb1 Qg3+ 61. Kh1 Qe1+ 0-1

[Event "Pro-Am 2010"]
[Site "Villa Martelli ARG"]
[Date "2010.10.18"]
[Round "5.14"]
[White "Scarella, Enrique Alejandro"]
[Black "Guerrero, Alvaro"]
[Result "1/2-1/2"]
[WhiteElo "2380"]
[BlackElo "2270"]
[PlyCount "63"]
[EventDate "2010.10.10"]
[EventType "swiss"]
[EventRounds "9"]
[EventCountry "ARG"]
[Source "lmi"]
[SourceDate "2010.10.10"]

1. d4 d6 2. e4 Nf6 3. Nc3 e5 4. dxe5 dxe5 5. Qxd8+ Kxd8 6. Bc4 Ke8 7. Nf3 Bd6
8. h3 a6 9. a4 Nc6 10. O-O Be6 11. Bxe6 fxe6 12. Be3 Ke7 13. Nd2 Nd4 14. Bxd4
exd4 15. Ne2 Bb4 16. Nc4 Bc5 17. Nf4 Ba7 18. Rfe1 Rhf8 19. Ra3 Nd7 20. Nd3 Bb6
21. Rb3 Rab8 22. Nxb6 cxb6 23. Rb4 Rbc8 24. Rxd4 Rxc2 25. Rd1 Nb8 26. Rb4 Nd7
27. Rd4 Nb8 28. e5 Rfc8 29. Rd6 R2c6 30. Rd4 Rc4 31. Rd6 R4c6 32. Rd4 1/2-1/2

[Event "Pro-Am 2010"]
[Site "Villa Martelli ARG"]
[Date "2010.10.18"]
[Round "5.15"]
[White "Barrionuevo, Pablo"]
[Black "Paveto, Kevin"]
[Result "1-0"]
[WhiteElo "2365"]
[BlackElo "2256"]
[PlyCount "61"]
[EventDate "2010.10.10"]
[EventType "swiss"]
[EventRounds "9"]
[EventCountry "ARG"]
[Source "lmi"]
[SourceDate "2010.10.10"]

1. d4 Nf6 2. c4 g6 3. Nc3 d5 4. cxd5 Nxd5 5. e4 Nxc3 6. bxc3 Bg7 7. Bc4 c5 8.
Ne2 O-O 9. O-O Nc6 10. Be3 Qc7 11. Rc1 Rd8 12. Bf4 Be5 13. Bxe5 Nxe5 14. Bb3
Ng4 15. Ng3 c4 16. Bc2 h5 17. h3 Nf6 18. e5 Nd5 19. Qf3 Qc6 20. Rfe1 Kg7 21.
Ne4 Bf5 22. Ng5 Nc7 23. Be4 Qd7 24. Bxb7 Nd5 25. Bxa8 Rxa8 26. e6 Bxe6 27. Rxe6
f6 28. Rce1 fxg5 29. Qe4 Rh8 30. Qxg6+ Kf8 31. R1e5 1-0

[Event "Pro-Am 2010"]
[Site "Villa Martelli ARG"]
[Date "2010.10.18"]
[Round "5.16"]
[White "Bronstein, Luis Marcos"]
[Black "Virgillito, Cristian"]
[Result "1/2-1/2"]
[WhiteElo "2347"]
[BlackElo "2239"]
[PlyCount "90"]
[EventDate "2010.10.10"]
[EventType "swiss"]
[EventRounds "9"]
[EventCountry "ARG"]
[Source "lmi"]
[SourceDate "2010.10.10"]

1. e4 e5 2. Nf3 Nc6 3. Bb5 a6 4. Ba4 Nf6 5. O-O Nxe4 6. d4 b5 7. Bb3 d5 8. dxe5
Be6 9. Re1 Be7 10. c3 O-O 11. Nbd2 Nc5 12. Nd4 Nxd4 13. cxd4 Nd7 14. f4 c5 15.
Nf3 Nb6 16. Bc2 Qd7 17. dxc5 Bxc5+ 18. Be3 Bxe3+ 19. Rxe3 Nc4 20. Re2 Bg4 21.
Qd4 Qa7 22. Qxa7 Rxa7 23. Rd1 Rd8 24. Kf2 f6 25. exf6 gxf6 26. b3 Nb6 27. h3
Bxf3 28. Kxf3 Rc7 29. Bf5 Rd6 30. g4 d4 31. Red2 Rc3+ 32. Rd3 Nd5 33. Be4 Rxd3+
34. Rxd3 Nc3 35. Rd2 b4 36. h4 h6 37. g5 hxg5 38. hxg5 fxg5 39. fxg5 Kg7 40.
Bf5 Rd5 41. Kf4 a5 42. Bd3 a4 43. bxa4 Nxa4 44. Bc4 Rd8 45. Ke5 Kg6 1/2-1/2

[Event "Pro-Am 2010"]
[Site "Villa Martelli ARG"]
[Date "2010.10.18"]
[Round "5.17"]
[White "Radoszta, Armando E"]
[Black "Ricardi, Pablo"]
[Result "0-1"]
[WhiteElo "2076"]
[BlackElo "2517"]
[PlyCount "80"]
[EventDate "2010.10.10"]
[EventType "swiss"]
[EventRounds "9"]
[EventCountry "ARG"]
[Source "lmi"]
[SourceDate "2010.10.10"]

1. e4 c5 2. Nf3 e6 3. d4 cxd4 4. Nxd4 Nf6 5. Nc3 Nc6 6. a3 d5 7. exd5 Nxd5 8.
Nxc6 bxc6 9. Bd2 Qb6 10. b3 Be7 11. Nxd5 cxd5 12. Bc3 O-O 13. Be2 Ba6 14. O-O
Rac8 15. Bxa6 Rxc3 16. Be2 Rfc8 17. Ra2 Qc5 18. b4 Qc7 19. Bd3 g6 20. Qe2 Bd6
21. h3 e5 22. Re1 e4 23. Ba6 Rd8 24. Bb5 Qe7 25. Qd2 Qe5 26. g3 Bc7 27. Re3
Rxe3 28. Qxe3 Bb6 29. Qb3 d4 30. Bf1 d3 31. cxd3 Qxg3+ 32. Bg2 Rxd3 33. Qa4 Qg5
34. Qc2 Bd4 35. Qe2 Qc1+ 36. Bf1 Qf4 37. Bg2 f5 38. Rc2 Kg7 39. a4 Ra3 40. Rd2
Ra1+ 0-1

[Event "Pro-Am 2010"]
[Site "Villa Martelli ARG"]
[Date "2010.10.18"]
[Round "5.18"]
[White "Slipak, Sergio"]
[Black "Anelli, Antonio"]
[Result "1-0"]
[WhiteElo "2446"]
[BlackElo "2184"]
[PlyCount "75"]
[EventDate "2010.10.10"]
[EventType "swiss"]
[EventRounds "9"]
[EventCountry "ARG"]
[Source "lmi"]
[SourceDate "2010.10.10"]

1. e4 Nf6 2. e5 Nd5 3. d4 d6 4. c4 Nb6 5. exd6 exd6 6. Nc3 Be7 7. Nf3 Bg4 8. h3
Bh5 9. Be3 Nc6 10. g4 Bg6 11. d5 Nb4 12. Rc1 h5 13. g5 Na6 14. Bd3 Bxd3 15.
Qxd3 g6 16. Ne4 Nd7 17. b4 O-O 18. a3 Re8 19. O-O Nf8 20. Bd4 Nh7 21. Bb2 Rf8
22. Qd4 f6 23. Qd3 fxg5 24. Nexg5 Rf5 25. Ne6 Qe8 26. Nfd4 Rf6 27. Nb5 Rf5 28.
Nbxc7 Nxc7 29. Nxc7 Qf7 30. Nxa8 Rf3 31. Qe2 Ng5 32. Rc3 Qf5 33. Rxf3 Nxf3+ 34.
Kg2 Nh4+ 35. Kh2 Nf3+ 36. Kg3 h4+ 37. Kg2 Ng5 38. Qg4 1-0

[Event "Pro-Am 2010"]
[Site "Villa Martelli ARG"]
[Date "2010.10.18"]
[Round "5.19"]
[White "Diaz Hollemaert, Nahuel"]
[Black "Tokman, Ariel"]
[Result "1-0"]
[WhiteElo "2443"]
[BlackElo "2202"]
[PlyCount "45"]
[EventDate "2010.10.10"]
[EventType "swiss"]
[EventRounds "9"]
[EventCountry "ARG"]
[Source "lmi"]
[SourceDate "2010.10.10"]

1. Nf3 Nf6 2. g3 g6 3. b4 Bg7 4. Bb2 c6 5. Na3 b5 6. c4 a5 7. bxa5 bxc4 8. Nxc4
d5 9. Ne3 Qxa5 10. Bg2 O-O 11. O-O Nbd7 12. Qc2 Ba6 13. Nd4 Rfc8 14. Nxc6 Rxc6
15. Qxc6 Rc8 16. Bc3 Qa3 17. Nc2 Rxc6 18. Nxa3 Bxe2 19. Rfe1 Bg4 20. Nc2 Bf8
21. Nd4 Ra6 22. Bf1 Ra8 23. f3 1-0

[Event "Pro-Am 2010"]
[Site "Villa Martelli ARG"]
[Date "2010.10.18"]
[Round "5.20"]
[White "Zuriel, Marisa"]
[Black "Fusco, Leonardo"]
[Result "1/2-1/2"]
[WhiteElo "2193"]
[BlackElo "2359"]
[PlyCount "44"]
[EventDate "2010.10.10"]
[EventType "swiss"]
[EventRounds "9"]
[EventCountry "ARG"]
[Source "lmi"]
[SourceDate "2010.10.10"]

1. e4 c5 2. Nf3 d6 3. d4 cxd4 4. Nxd4 Nf6 5. Nc3 a6 6. g3 Bg4 7. f3 Bd7 8. Bg2
Nc6 9. Be3 g6 10. Nde2 h5 11. Nd5 Nxd5 12. exd5 Qa5+ 13. c3 Ne5 14. Bd4 Rg8 15.
f4 Ng4 16. h3 Nh6 17. O-O Bg7 18. Re1 Kf8 19. Kh2 Re8 20. Qd2 Nf5 21. Bxg7+
Rxg7 22. Nd4 Qc5 1/2-1/2

[Event "Pro-Am 2010"]
[Site "Villa Martelli ARG"]
[Date "2010.10.19"]
[Round "6.1"]
[White "Flores, Diego"]
[Black "Tristan, Leonardo"]
[Result "1/2-1/2"]
[WhiteElo "2615"]
[BlackElo "2401"]
[PlyCount "68"]
[EventDate "2010.10.10"]
[EventType "swiss"]
[EventRounds "9"]
[EventCountry "ARG"]
[Source "lmi"]
[SourceDate "2010.10.10"]

1. Nf3 d6 2. d4 f5 3. Nc3 Nf6 4. Bg5 Nbd7 5. Qd3 g6 6. e4 fxe4 7. Nxe4 Nxe4 8.
Qxe4 Bg7 9. Bd3 Nf6 10. Bxf6 Bxf6 11. h4 c6 12. O-O-O Qa5 13. Kb1 Bf5 14. Qe3
O-O-O 15. Ng5 Qd5 16. f3 h6 17. Bxf5+ gxf5 18. Ne6 Rdg8 19. Qe2 Rxg2 20. Qxg2
Qxe6 21. h5 Rg8 22. Qd2 Rg5 23. Rdg1 Qd5 24. Rxg5 Bxg5 25. Qd3 Bf6 26. c3 Kc7
27. Rg1 f4 28. Qe4 Qxh5 29. Qxf4 Qh3 30. Qe4 h5 31. a4 h4 32. a5 Qh2 33. Rg8
Qd2 34. Rg1 Qf2 1/2-1/2

[Event "Pro-Am 2010"]
[Site "Villa Martelli ARG"]
[Date "2010.10.19"]
[Round "6.3"]
[White "Julia, Ernesto"]
[Black "Rodriguez Vila, Andres"]
[Result "0-1"]
[WhiteElo "2388"]
[BlackElo "2537"]
[PlyCount "58"]
[EventDate "2010.10.10"]
[EventType "swiss"]
[EventRounds "9"]
[EventCountry "ARG"]
[Source "lmi"]
[SourceDate "2010.10.10"]

1. d4 f5 2. g3 Nf6 3. Nf3 g6 4. Bg2 Bg7 5. b3 O-O 6. Bb2 d6 7. O-O c6 8. Qd3
Na6 9. a3 h6 10. Nbd2 g5 11. e4 fxe4 12. Nxe4 Nxe4 13. Qxe4 Bf5 14. Qe2 Qd7 15.
c4 Rf7 16. Qe3 Raf8 17. Ne1 Bh3 18. f3 Bxg2 19. Kxg2 b5 20. Bc3 Qb7 21. Qd3 g4
22. Rd1 bxc4 23. bxc4 e5 24. Rb1 Qe7 25. dxe5 dxe5 26. Qc2 gxf3+ 27. Rxf3 e4
28. Rf4 Rxf4 29. gxf4 Rxf4 0-1

[Event "Pro-Am 2010"]
[Site "Villa Martelli ARG"]
[Date "2010.10.19"]
[Round "6.4"]
[White "Della Morte, German"]
[Black "Perez Rodriguez, Luis Manuel"]
[Result "1/2-1/2"]
[WhiteElo "2361"]
[BlackElo "2483"]
[PlyCount "20"]
[EventDate "2010.10.10"]
[EventType "swiss"]
[EventRounds "9"]
[EventCountry "ARG"]
[Source "lmi"]
[SourceDate "2010.10.10"]

1. e4 e5 2. Nf3 Nc6 3. Bc4 Nf6 4. d3 Be7 5. O-O O-O 6. Re1 d6 7. a4 Kh8 8. a5
a6 9. h3 Ng8 10. Nc3 f5 1/2-1/2

[Event "Pro-Am 2010"]
[Site "Villa Martelli ARG"]
[Date "2010.10.19"]
[Round "6.5"]
[White "Perez Ponsa, Federico"]
[Black "Dolezal, Cristian"]
[Result "1/2-1/2"]
[WhiteElo "2469"]
[BlackElo "2413"]
[PlyCount "106"]
[EventDate "2010.10.10"]
[EventType "swiss"]
[EventRounds "9"]
[EventCountry "ARG"]
[Source "lmi"]
[SourceDate "2010.10.10"]

1. e4 e5 2. Nf3 Nc6 3. Bb5 a6 4. Ba4 Nf6 5. O-O b5 6. Bb3 Bc5 7. c3 d6 8. a4
Bb7 9. d4 Ba7 10. Bg5 h6 11. Bxf6 Qxf6 12. Bd5 O-O 13. axb5 axb5 14. Qd3 Bb6
15. Rxa8 Rxa8 16. Qxb5 Ra5 17. Qc4 exd4 18. b4 Rxd5 19. exd5 Ne7 20. Nxd4 Nxd5
21. Nc6 Nf4 22. b5 d5 23. Qa2 Qg5 24. g3 Qg4 25. Qd2 g5 26. Qd1 Nh3+ 27. Kg2
Nf4+ 28. Kh1 Qxd1 29. Rxd1 Nh3 30. Rxd5 Nxf2+ 31. Kg2 Ne4 32. Rd8+ Kg7 33. Rb8
Nd6 34. Nd2 Bc8 35. Nc4 Nxc4 36. Rxc8 Nd6 37. Rd8 Nxb5 38. Rd3 Nd6 39. Ne7 Ba5
40. g4 h5 41. gxh5 Kh6 42. Nc6 Bb6 43. Ne5 f5 44. c4 g4 45. h3 Kxh5 46. hxg4+
fxg4 47. Kg3 Kg5 48. Nxg4 Nxc4 49. Rd5+ Kg6 50. Kf4 Kf7 51. Kf5 Ke7 52. Rd3
Nd6+ 53. Ke5 Kd7 1/2-1/2

[Event "Pro-Am 2010"]
[Site "Villa Martelli ARG"]
[Date "2010.10.19"]
[Round "6.6"]
[White "Dos Santos, Ramiro"]
[Black "Barrionuevo, Pablo"]
[Result "0-1"]
[WhiteElo "2438"]
[BlackElo "2365"]
[PlyCount "52"]
[EventDate "2010.10.10"]
[EventType "swiss"]
[EventRounds "9"]
[EventCountry "ARG"]
[Source "lmi"]
[SourceDate "2010.10.10"]

1. e4 e5 2. Nf3 Nc6 3. Bb5 Nge7 4. Nc3 Ng6 5. d4 exd4 6. Nxd4 Bc5 7. Nf5 O-O 8.
Qh5 d6 9. Bg5 f6 10. Bd2 Bd7 11. O-O a6 12. Bc4+ Kh8 13. Bb3 Nge5 14. Ne3 Nd4
15. Kh1 Qe8 16. Qd1 f5 17. Ncd5 fxe4 18. Nxc7 Qd8 19. Nxa8 Qh4 20. Bc3 Rf6 21.
Bxd4 Bxd4 22. g3 Qh3 23. f4 Rh6 24. Qd2 Nf3 25. Rxf3 exf3 26. Nd5 f2 0-1

[Event "Pro-Am 2010"]
[Site "Villa Martelli ARG"]
[Date "2010.10.19"]
[Round "6.8"]
[White "Languidey, Simon Alejandro"]
[Black "Pierrot, Juan Facundo"]
[Result "0-1"]
[WhiteElo "2257"]
[BlackElo "2431"]
[PlyCount "114"]
[EventDate "2010.10.10"]
[EventType "swiss"]
[EventRounds "9"]
[EventCountry "ARG"]
[Source "lmi"]
[SourceDate "2010.10.10"]

1. e4 e5 2. Nf3 Nc6 3. Bc4 Bc5 4. Nc3 Nf6 5. d3 d6 6. Bg5 h6 7. Bxf6 Qxf6 8.
Nd5 Qd8 9. c3 a6 10. d4 exd4 11. cxd4 Ba7 12. h3 O-O 13. O-O Ne7 14. Nf4 b5 15.
Bb3 Bb7 16. Re1 c5 17. Bc2 Ng6 18. Qd2 Rc8 19. Rad1 Nh4 20. Nxh4 Qxh4 21. g3
Qg5 22. d5 c4 23. Kg2 Rfe8 24. Qe2 Rc7 25. Qf3 Qf6 26. Re2 a5 27. Qg4 Bc8 28.
Qf3 Ba6 29. Qc3 Qxc3 30. bxc3 b4 31. Ba4 Rd8 32. f3 Bc5 33. Rc2 Rb7 34. Ne2 b3
35. Rcd2 Rdb8 36. f4 Bb5 37. Bxb5 Rxb5 38. a4 R5b7 39. Kf3 Kf8 40. Rb1 b2 41.
e5 Rb3 42. Ke4 g6 43. Rc2 f5+ 44. Kf3 Ke7 45. g4 fxg4+ 46. Kxg4 R3b7 47. Kf3 g5
48. fxg5 dxe5 49. gxh6 Ba3 50. Ng3 Rf8+ 51. Kg4 Rg8+ 52. Kh4 Rb6 53. Nf5+ Kf6
54. Rf2 Bc5 55. Rff1 Kg6 56. d6 Kh7 57. d7 Be7+ 0-1

[Event "Pro-Am 2010"]
[Site "Villa Martelli ARG"]
[Date "2010.10.19"]
[Round "6.10"]
[White "Alonso, Salvador"]
[Black "Bronstein, Luis Marcos"]
[Result "1/2-1/2"]
[WhiteElo "2482"]
[BlackElo "2347"]
[PlyCount "63"]
[EventDate "2010.10.10"]
[EventType "swiss"]
[EventRounds "9"]
[EventCountry "ARG"]
[Source "lmi"]
[SourceDate "2010.10.10"]

1. e4 e6 2. d4 d5 3. Nd2 Nf6 4. e5 Nfd7 5. Bd3 c5 6. c3 Nc6 7. Ngf3 a5 8. a4
Qb6 9. O-O cxd4 10. Nxd4 Nxd4 11. cxd4 Qxd4 12. Nf3 Qb6 13. Bb5 Be7 14. Bf4 O-O
15. Rc1 Qd8 16. Nd4 Nc5 17. Rc3 f6 18. exf6 Rxf6 19. Be5 Rh6 20. Qc2 Bd6 21.
Bxd6 Qxd6 22. g3 b6 23. Nb3 Nxb3 24. Rxc8+ Rxc8 25. Qxc8+ Qf8 26. Qc3 Nc5 27.
Qe5 Rf6 28. Qc7 Ne4 29. Qxb6 Qb4 30. Qb8+ Rf8 31. Qe5 Qd6 32. Qd4 1/2-1/2

[Event "Pro-Am 2010"]
[Site "Villa Martelli ARG"]
[Date "2010.10.19"]
[Round "6.11"]
[White "Mayorga, Nicolas"]
[Black "Slipak, Sergio"]
[Result "0-1"]
[WhiteElo "2247"]
[BlackElo "2446"]
[PlyCount "72"]
[EventDate "2010.10.10"]
[EventType "swiss"]
[EventRounds "9"]
[EventCountry "ARG"]
[Source "lmi"]
[SourceDate "2010.10.10"]

1. e4 e5 2. f4 exf4 3. Nf3 d6 4. d4 g5 5. Bc4 Bg7 6. O-O h6 7. g3 g4 8. Nh4 f3
9. c3 Nc6 10. Nd2 Qe7 11. e5 dxe5 12. d5 Qc5+ 13. Kh1 Nce7 14. b4 Qb6 15. a4
Nf6 16. Bb5+ c6 17. dxc6 O-O 18. Bc4 bxc6 19. Qe1 Ned5 20. Ra3 a5 21. Ne4 axb4
22. cxb4 Nxe4 23. Qxe4 Qd4 24. Qxd4 exd4 25. Bxd5 cxd5 26. b5 Bd7 27. Rd1 Rfe8
28. Kg1 Bf8 29. Rb3 Rxa4 30. b6 Rb8 31. Bf4 Rb7 32. Bc7 Rc4 33. Rdb1 d3 34. Kf2
d2 35. Bf4 Bc5+ 36. Be3 Rc1 0-1

[Event "Pro-Am 2010"]
[Site "Villa Martelli ARG"]
[Date "2010.10.19"]
[Round "6.12"]
[White "Guerrero, Alvaro"]
[Black "Diaz Hollemaert, Nahuel"]
[Result "0-1"]
[WhiteElo "2270"]
[BlackElo "2443"]
[PlyCount "66"]
[EventDate "2010.10.10"]
[EventType "swiss"]
[EventRounds "9"]
[EventCountry "ARG"]
[Source "lmi"]
[SourceDate "2010.10.10"]

1. d4 d5 2. c4 c6 3. Nf3 e6 4. e3 Nd7 5. Nc3 f5 6. Bd3 Nh6 7. O-O Bd6 8. b3 O-O
9. a4 Qe7 10. Bb2 Rf6 11. Qc1 Qe8 12. Ne2 Nf7 13. cxd5 exd5 14. Qc2 Nf8 15. Ba3
Bb8 16. Rfe1 a5 17. Rac1 g6 18. Nf4 Ne6 19. Kh1 Bd7 20. Bf1 g5 21. Nd3 g4 22.
Nfe5 Rh6 23. f4 gxf3 24. gxf3 Nxe5 25. dxe5 Qh5 26. Qg2+ Kf7 27. f4 Ba7 28. Qe2
Qh4 29. Nc5 Bxc5 30. Bxc5 Nxc5 31. Rxc5 Rg8 32. h3 Qg3 33. Bg2 Rxh3+ 0-1

[Event "Pro-Am 2010"]
[Site "Villa Martelli ARG"]
[Date "2010.10.19"]
[Round "6.14"]
[White "Molina, Roberto Junio Brito"]
[Black "Aparicio, Anibal"]
[Result "1-0"]
[WhiteElo "2384"]
[BlackElo "2241"]
[PlyCount "63"]
[EventDate "2010.10.10"]
[EventType "swiss"]
[EventRounds "9"]
[EventCountry "ARG"]
[Source "lmi"]
[SourceDate "2010.10.10"]

1. d4 d5 2. c4 c6 3. e3 e6 4. Nc3 f5 5. Nf3 Nd7 6. Bd3 Nh6 7. O-O Bd6 8. b3 O-O
9. Bb2 Nf6 10. Qe2 Bd7 11. Ne5 Be8 12. Rae1 Qa5 13. a3 Nfg4 14. b4 Qd8 15. f4
Bh5 16. Qc2 Nxe5 17. dxe5 Be7 18. Ne2 Bxe2 19. Qxe2 a6 20. Rc1 Qd7 21. Rfd1
Rac8 22. g3 b5 23. cxd5 cxd5 24. Ra1 Rc7 25. Bd4 Rb8 26. h3 Qe8 27. Kh2 Qf8 28.
Rg1 g6 29. g4 Rbc8 30. Bb2 Bd8 31. Rg2 Rf7 32. g5 1-0

[Event "Pro-Am 2010"]
[Site "Villa Martelli ARG"]
[Date "2010.10.19"]
[Round "6.15"]
[White "Virgillito, Cristian"]
[Black "Orsini, Antonio"]
[Result "1/2-1/2"]
[WhiteElo "2239"]
[BlackElo "2390"]
[PlyCount "68"]
[EventDate "2010.10.10"]
[EventType "swiss"]
[EventRounds "9"]
[EventCountry "ARG"]
[Source "lmi"]
[SourceDate "2010.10.10"]

1. e4 c5 2. Nf3 e6 3. d4 cxd4 4. Nxd4 a6 5. Bd3 Bc5 6. Nb3 Be7 7. Nc3 d6 8. Be3
Nd7 9. a4 b6 10. O-O Bb7 11. f4 Ngf6 12. Qf3 Qc7 13. Kh1 h5 14. Qh3 g6 15. Rae1
h4 16. Bd4 O-O-O 17. e5 Nh5 18. exd6 Bxd6 19. Bxh8 Rxh8 20. Be4 Bxf4 21. Bxb7+
Qxb7 22. Nd5 Bg3 23. Re3 Qxd5 24. hxg3 hxg3 25. Kg1 Rh7 26. Qg4 Ne5 27. Qb4 Kb7
28. a5 b5 29. Qe7+ Ka8 30. Qc7 Nf4 31. Qc8+ Ka7 32. Qc7+ Ka8 33. Qc8+ Ka7 34.
Qc7+ Ka8 1/2-1/2